000 00388nam a2200145Ia 4500
008 231217s9999 xx 000 0 und d
041 _aEnglish
082 _a001.6404 GOD
100 _aGodse, Atul P Godse, Deepali A
245 0 _aIntroduction to microprocessors 4th sem
260 _c2004
_bTechnical
_aPune
300 _axvi+520
650 _amicroprocessors,4th,sem
942 _cAA
999 _c171488
_d171488